मेरी कहानी मेरी जुबानी (Record no. 329100)

MARC details
000 -LEADER
fixed length control field 00591nam a2200169Ia 4500
008 - FIXED-LENGTH DATA ELEMENTS--GENERAL INFORMATION
fixed length control field 090711s9999 xx 000 0 und d
082 ## - DEWEY DECIMAL CLASSIFICATION NUMBER
Item number 4652
100 ## - MAIN ENTRY--PERSONAL NAME
Personal name देव कपिल
245 ## - TITLE STATEMENT
Title मेरी कहानी मेरी जुबानी
260 ## - PUBLICATION, DISTRIBUTION, ETC. (IMPRINT)
Name of publisher, distributor, etc अलाइड पबिलशर्स लि.
Date of publication, distribution, etc 1987
300 ## - PHYSICAL DESCRIPTION
Extent 184
600 ## - SUBJECT ADDED ENTRY--PERSONAL NAME
Personal name देव कपिल
630 ## - SUBJECT ADDED ENTRY--UNIFORM TITLE
Uniform title मेरी कहानी मेरी जुबानी
700 ## - ADDED ENTRY--PERSONAL NAME
Personal name देव कपिल
730 ## - ADDED ENTRY--UNIFORM TITLE
Uniform title मेरी कहानी मेरी जुबानी
942 ## - ADDED ENTRY ELEMENTS (KOHA)
Koha item type Book

No items available.